Galicia, la columniada (Record no. 165841)

MARC details
000 -LEADER
campo de control de longitud fija 00592nam a2200181 i 4500
001 - NÚMERO DE CONTROL
campo de control 165841
003 - IDENTIFICADOR DE NÚMERO DE CONTROL
campo de control ES-MaACL
005 - FECHA Y HORA DE LA ÚLTIMA TRANSACCIÓN
campo de control 20230906213220.0
008 - DATOS DE LONGITUD FIJA--INFORMACIÓN GENERAL
campo de control de longitud fija 931025s1923 sp |||| | spa d
040 ## - FUENTE DE CATALOGACIÓN
Centro catalogador/agencia de origen AS
Lengua de catalogación spa
Centro/agencia transcriptor PAB
100 1# - ENTRADA PRINCIPAL--NOMBRE DE PERSONA
Nombre de persona Suárez, Constantino.
9 (RLIN) 108549
245 10 - MENCIÓN DEL TÍTULO
Título Galicia, la columniada
Resto del título : (impresiones de un viaje por Galicia, guia espiritual del viajero) /
Mención de responsabilidad, etc. Españolito.
250 ## - MENCION DE EDICION
Mención de edición 2º ed.
260 ## - PUBLICACIÓN, DISTRIBUCIÓN, ETC.
Lugar de publicación, distribución, etc. Madrid :
Nombre del editor, distribuidor, etc. s.n.],
Fecha de publicación, distribución, etc. s.a.] (
Fabricante Rivadeneyra)
300 ## - DESCRIPCIÓN FÍSICA
Extensión 318 p. ;
Dimensiones 18 cm.
596 #1 - NOTA AL PIE DE IMPRENTA
NOTA AL PIE DE IMPRENTA Prólogo fechado en Madrid 1923.
852 ## - LOCALIZACIÓN
Ubicación ES-MaACL
Número de control de estantería F-1046
Nota libre -- Rust.
Holdings
Estatus retirado Estado de pérdida Estado de daño No para préstamo Biblioteca de origen Biblioteca actual Ubicación en estantería Fecha de adquisición Fuente de adquisición Total de préstamos Signatura topográfica completa Código de barras Visto por última vez Precio de reemplazo Tipo de ítem Koha
        Biblioteca del Ateneo de Madrid Biblioteca del Ateneo de Madrid Depósito 2 17/01/2008     F-1046 1173919 23/02/2023 23/02/2023 Libro impreso